The psychology of politics

Saved in:
Bibliographic Details
Main Author: Eysenck, H. J.
Format: Book
Language:Undetermined
Published: London Routledge & Kegan Paul Ltd 1960
Subjects:
Tags: Add Tag
No Tags, Be the first to tag this record!
Institutions: Trung tâm Học liệu Trường Đại học Cần Thơ
LEADER 00504nam a2200181Ia 4500
001 CTU_90037
008 210402s9999 xx 000 0 und d
082 |a 320 
082 |b E98 
100 |a Eysenck, H. J. 
245 4 |a The psychology of politics 
245 0 |c H. J. Eysenck 
260 |a London 
260 |b Routledge & Kegan Paul Ltd 
260 |c 1960 
650 |a Political psychology,Attitude (psychology) 
904 |i Trọng Hải 
980 |a Trung tâm Học liệu Trường Đại học Cần Thơ